[Event "European Team Championship 2015"]
[Site "Reykjavik ISL"]
[Date "2015.11.20"]
[Round "7"]
[White "Eljanov, Pavel"]
[Black "Mchedlishvili, Mikheil"]
[Result "1-0"]
[WhiteElo "2753"]
[BlackElo "2618"]
[PlyCount "83"]
[EventDate "2015.11.13"]
[WhiteTeam "Ukraine"]
[BlackTeam "Georgia"]

1. c4 c6 2. Nf3 d5 3. e3 Nf6 4. d4 Bf5 5. Nc3 a6 6. Bd2 e6 7. Qb3 Ra7 8. Nh4
Be4 9. cxd5 cxd5 10. f3 Bg6 11. Nxg6 hxg6 12. O-O-O Be7 13. Kb1 O-O 14. g4 Nc6
15. Rc1 Na5 16. Qd1 b5 17. g5 Nh5 18. f4 Nc4 19. Ne2 Qd7 20. Ng3 Rc8 21. Bd3
Nxg3 22. hxg3 Rac7 23. Rc2 Bd6 24. Qg4 Kf8 25. Qh3 Nxd2+ 26. Rxd2 Ke8 27. g4
Qc6 28. Rdd1 Kd7 29. Qh7 Bf8 30. f5 Qd6 31. f6 gxf6 32. Qxf7+ Kc6 33. Qxf6 Kb7
34. Qxg6 e5 35. Qxd6 Bxd6 36. Bf5 Rd8 37. g6 exd4 38. exd4 Bf8 39. Rh8 Rg7 40.
Re1 Kc7 41. Re6 Kb7 42. Rh7 1-0

[Event "European Team Championship 2015"]
[Site "Reykjavik ISL"]
[Date "2015.11.20"]
[Round "7"]
[White "Vallejo Pons, Francisco"]
[Black "Leko, Peter"]
[Result "1/2-1/2"]
[WhiteElo "2684"]
[BlackElo "2708"]
[PlyCount "95"]
[EventDate "2015.11.13"]
[WhiteTeam "Spain"]
[BlackTeam "Hungrary"]

1. Nf3 Nf6 2. c4 c5 3. d4 cxd4 4. Nxd4 Nc6 5. g3 e5 6. Nb5 Bb4+ 7. Bd2 a6 8.
Bxb4 axb5 9. Bd6 Qa5+ 10. Nd2 Ne4 11. c5 Nxd6 12. cxd6 Qb4 13. Bg2 Qxd6 14. O-O
O-O 15. Ne4 Qe6 16. Nc3 b4 17. Nd5 Ra5 18. Qd2 e4 19. Rfd1 b3 20. axb3 Rxa1 21.
Rxa1 d6 22. Rd1 f5 23. b4 Qf7 24. Nb6 Qb3 25. Nxc8 Rxc8 26. g4 Rd8 27. gxf5 d5
28. Rc1 Qxb4 29. Qxb4 Nxb4 30. Rc7 b6 31. h4 Rd6 32. Kh2 Rc6 33. Rb7 Rc2 34.
Rxb6 Rxb2 35. Kg3 Kf7 36. f3 Nd3 37. Rxb2 Nxb2 38. fxe4 dxe4 39. Bxe4 Kf6 40.
Kf4 Nc4 41. Bd5 Ne5 42. Bg8 h6 43. Bd5 Nd7 44. Bc6 Ne5 45. Bb5 Nf7 46. Bc4 Ne5
47. Bb5 Nf7 48. Bc4 1/2-1/2

[Event "European Team Championship 2015"]
[Site "Reykjavik ISL"]
[Date "2015.11.20"]
[Round "7"]
[White "Rapport, Richard"]
[Black "Anton Guijarro, David"]
[Result "1-0"]
[WhiteElo "2693"]
[BlackElo "2630"]
[PlyCount "71"]
[EventDate "2015.11.13"]
[WhiteTeam "Hungrary"]
[BlackTeam "Spain"]

1. d4 f5 2. Bf4 Nf6 3. e3 e6 4. Be2 Be7 5. h3 O-O 6. Nf3 Ne4 7. Nfd2 d5 8. Nxe4
fxe4 9. c4 Bg5 10. Bh2 Nd7 11. Nc3 c6 12. O-O Rf7 13. Qc2 Nf8 14. b4 Ng6 15.
Bh5 Rf6 16. b5 Nh4 17. Be5 Rh6 18. Bg4 Rg6 19. Rab1 Bf6 20. Bg3 Nf5 21. Bxf5
exf5 22. bxc6 bxc6 23. cxd5 f4 24. Bxf4 cxd5 25. Kh2 Bg5 26. Be5 Rc6 27. Rfc1
Be6 28. Rb7 Be7 29. Qd2 Bf8 30. Ne2 Rc4 31. Nf4 Bf7 32. Rcb1 g5 33. Qe2 Qe8 34.
Qg4 h6 35. Qf5 Rc6 36. Nxd5 1-0

[Event "European Team Championship 2015"]
[Site "Reykjavik ISL"]
[Date "2015.11.20"]
[Round "7"]
[White "Wojtaszek, Radoslaw"]
[Black "Aronian, Levon"]
[Result "0-1"]
[WhiteElo "2748"]
[BlackElo "2781"]
[PlyCount "92"]
[EventDate "2015.11.13"]
[WhiteTeam "Poland"]
[BlackTeam "Armenia"]

1. d4 Nf6 2. c4 e6 3. Nc3 Bb4 4. Qc2 O-O 5. a3 Bxc3+ 6. Qxc3 d5 7. Nf3 dxc4 8.
Qxc4 b6 9. Bg5 Ba6 10. Qa4 h6 11. Bh4 c5 12. dxc5 bxc5 13. Rc1 Qd7 14. Qxd7
Nbxd7 15. Bxf6 Nxf6 16. e3 Bb7 17. Ne5 Rfd8 18. f3 Nd7 19. Nxd7 Rxd7 20. Bb5
Rc7 21. Rf1 Rb8 22. Bc4 Bc6 23. Rf2 Rcb7 24. Rcc2 Ba4 25. Rcd2 Kf8 26. e4 Ke7
27. Rfe2 g5 28. Kf2 Rb6 29. e5 Bb3 30. Bxb3 Rxb3 31. Rc2 R8b5 32. Red2 Kf8 33.
Kg3 Kg7 34. h4 Kg6 35. hxg5 hxg5 36. Kg4 Re3 37. Re2 Rd3 38. Rc4 Rd4+ 39. Rxd4
cxd4 40. b4 f5+ 41. Kg3 f4+ 42. Kg4 d3 43. Rd2 Rxe5 44. Rxd3 Re1 45. Rd8 Rg1
46. Rg8+ Kf6 0-1

[Event "European Team Championship 2015"]
[Site "Reykjavik ISL"]
[Date "2015.11.20"]
[Round "7"]
[White "Carlsen, Magnus"]
[Black "Papaioannou, Ioannis"]
[Result "1/2-1/2"]
[WhiteElo "2850"]
[BlackElo "2638"]
[PlyCount "81"]
[EventDate "2015.11.13"]
[WhiteTeam "Norway"]
[BlackTeam "Greece"]

1. d4 Nf6 2. c4 e6 3. Nf3 Bb4+ 4. Bd2 Qe7 5. g3 Bxd2+ 6. Qxd2 Nc6 7. e3 d5 8.
Bg2 dxc4 9. O-O e5 10. Nxe5 Nxe5 11. dxe5 Qxe5 12. Na3 O-O 13. Nxc4 Qe7 14.
Rac1 Rd8 15. Qa5 c6 16. b4 Be6 17. Qc5 Qxc5 18. bxc5 Nd7 19. Na5 Rab8 20. a4 g6
21. h3 Nxc5 22. Rxc5 b6 23. Rxc6 bxa5 24. Rc5 Rd2 25. Rxa5 Rbb2 26. Rc5 Ra2 27.
a5 Ra3 28. g4 Rda2 29. Bd5 Bxd5 30. Rxd5 Rxa5 31. Rfd1 Rxd5 32. Rxd5 h6 33. Kg2
a5 34. h4 Kg7 35. h5 g5 36. Kf3 Ra4 37. Rc5 Kf6 38. Rc6+ Kg7 39. Ra6 Kh7 40.
Kg3 Ra3 41. Kg2 1/2-1/2

[Event "European Team Championship 2015"]
[Site "Reykjavik ISL"]
[Date "2015.11.20"]
[Round "7"]
[White "Navara, David"]
[Black "Nisipeanu, Liviu-Dieter"]
[Result "1/2-1/2"]
[WhiteElo "2730"]
[BlackElo "2683"]
[PlyCount "82"]
[EventDate "2015.11.13"]
[WhiteTeam "Czech Republic"]
[BlackTeam "Germany"]

1. c4 e5 2. g3 c6 3. Nf3 e4 4. Nd4 d5 5. cxd5 Qxd5 6. Nc2 Nf6 7. Nc3 Qh5 8. Ne3
Bc5 9. Qc2 Bxe3 10. fxe3 Bf5 11. Bg2 Qg6 12. Qb3 O-O 13. Qxb7 Nbd7 14. Qxc6 Ne5
15. Qc7 Rfe8 16. O-O Rac8 17. Qxa7 Qh5 18. Qa4 Bd7 19. Qd1 Bh3 20. Rxf6 Bxg2
21. Rf4 Bh3 22. Rh4 Qf5 23. Nxe4 Ng4 24. Rxh3 Rxe4 25. d3 Qf2+ 26. Kh1 Re6 27.
e4 Qb6 28. Qg1 Nf2+ 29. Kg2 Nxh3 30. Qxb6 Rxb6 31. Kxh3 Rc2 32. a4 Rbc6 33. Bf4
Rxb2 34. a5 Rcc2 35. a6 Ra2 36. Rxa2 Rxa2 37. a7 Rxa7 38. Kg2 Ra2 39. Kf3 Kf8
40. h4 h5 41. Be5 g6 1/2-1/2

[Event "European Team Championship 2015"]
[Site "Reykjavik ISL"]
[Date "2015.11.21"]
[Round "8"]
[White "Svidler, Peter"]
[Black "Aronian, Levon"]
[Result "1/2-1/2"]
[WhiteElo "2745"]
[BlackElo "2781"]
[PlyCount "80"]
[EventDate "2015.11.13"]
[WhiteTeam "Russia"]
[BlackTeam "Armenia"]

1. e4 e5 2. Nf3 Nc6 3. Bb5 Nf6 4. O-O Nxe4 5. Re1 Nd6 6. Nxe5 Be7 7. Bf1 Nf5 8.
Nf3 O-O 9. d4 d5 10. c3 Bd6 11. Bd3 Re8 12. Rxe8+ Qxe8 13. Qb3 Nfe7 14. Nbd2 b6
15. Nf1 Bg4 16. Nh4 Be6 17. Bd2 Ng6 18. Nf5 Bf4 19. N1e3 Nce7 20. Qc2 Nxf5 21.
Nxf5 Qd7 22. Ng3 Bxd2 23. Qxd2 f6 24. Re1 Re8 25. f3 Bf7 26. Rxe8+ Qxe8 27. Kf2
Qd7 28. Nf5 Ne7 29. Nxe7+ Qxe7 30. Qe3 Qxe3+ 31. Kxe3 Kf8 32. a3 h6 33. g3 Ke7
34. h4 g5 35. f4 gxh4 36. gxh4 Be6 37. Be2 Kd6 38. Bf3 Bd7 39. Be2 Be6 40. Bf3
Bd7 1/2-1/2

[Event "European Team Championship 2015"]
[Site "Reykjavik ISL"]
[Date "2015.11.21"]
[Round "8"]
[White "Sargissian, Gabriel"]
[Black "Grischuk, Alexander"]
[Result "1-0"]
[WhiteElo "2689"]
[BlackElo "2750"]
[PlyCount "83"]
[EventDate "2015.11.13"]
[WhiteTeam "Armenia"]
[BlackTeam "Russia"]

1. Nf3 c5 2. c4 Nc6 3. d4 cxd4 4. Nxd4 e6 5. Nc3 Nf6 6. Bg5 Be7 7. e3 O-O 8.
Be2 d5 9. cxd5 Nxd4 10. Qxd4 Nxd5 11. Bxe7 Nxe7 12. O-O-O Qxd4 13. Rxd4 e5 14.
Rd2 Be6 15. b3 Rfd8 16. Rhd1 Rxd2 17. Rxd2 Kf8 18. Bf3 Nc6 19. Ne4 Rb8 20. Nd6
f5 21. Nxb7 e4 22. Nc5 exf3 23. Nxe6+ Ke7 24. Nf4 fxg2 25. Nxg2 g5 26. h4 h6
27. hxg5 hxg5 28. Ne1 Ne5 29. Rd5 Ke6 30. Ra5 Nc6 31. Rc5 Ne5 32. Kd2 Rh8 33.
Nd3 Nxd3 34. Kxd3 Rh2 35. Rc2 g4 36. b4 Rh1 37. a4 Rb1 38. Kc4 Ke5 39. Kb5 Kd5
40. Rc5+ Ke6 41. Rc4 Rb3 42. Ka6 1-0

[Event "European Team Championship 2015"]
[Site "Reykjavik ISL"]
[Date "2015.11.21"]
[Round "8"]
[White "Nepomniachtchi, Ian"]
[Black "Movsesian, Sergei"]
[Result "1-0"]
[WhiteElo "2705"]
[BlackElo "2666"]
[PlyCount "117"]
[EventDate "2015.11.13"]
[WhiteTeam "Russia"]
[BlackTeam "Armenia"]

1. e4 c5 2. Nf3 e6 3. d4 cxd4 4. Nxd4 Nc6 5. Nc3 Qc7 6. Be3 a6 7. Qf3 d6 8.
Nxc6 Qxc6 9. Bd3 Nf6 10. Qg3 b5 11. f3 Be7 12. O-O-O b4 13. Ne2 e5 14. f4 Ng4
15. Bd2 Qc5 16. f5 h5 17. h3 Nf6 18. Qxg7 Rg8 19. Qh6 Bb7 20. Kb1 Nxe4 21. Be3
Qc7 22. Rhe1 Nf6 23. Bg5 Ng4 24. Qh7 Rxg5 25. hxg4 Bf6 26. Nf4 O-O-O 27. Qh6
Rxg4 28. Ne6 fxe6 29. Qxf6 Re8 30. fxe6 Qe7 31. Qf2 Kb8 32. Be2 Rf4 33. Qb6 Qc7
34. Qxd6 Qxd6 35. Rxd6 Re4 36. Kc1 Re7 37. Rd7 Rxd7 38. exd7 Kc7 39. Rd1 Rd4
40. g3 Kxd7 41. c3 Rxd1+ 42. Kxd1 a5 43. Bxh5 Bd5 44. a3 bxa3 45. bxa3 Kc6 46.
Be2 Be4 47. Kd2 Kd5 48. Ke3 Bg6 49. g4 Ke6 50. Bd3 Be8 51. g5 Bh5 52. c4 Kd6
53. g6 Kc5 54. g7 Bf7 55. Ke4 Kd6 56. Kf5 Bg8 57. Kf6 e4 58. Bxe4 Bxc4 59. Bg6
1-0

[Event "European Team Championship 2015"]
[Site "Reykjavik ISL"]
[Date "2015.11.21"]
[Round "8"]
[White "Melkumyan, Hrant"]
[Black "Jakovenko, Dmitry"]
[Result "1/2-1/2"]
[WhiteElo "2632"]
[BlackElo "2735"]
[PlyCount "87"]
[EventDate "2015.11.13"]
[WhiteTeam "Armenia"]
[BlackTeam "Russia"]

1. d4 Nf6 2. c4 e6 3. g3 d5 4. Bg2 Be7 5. Nf3 O-O 6. O-O dxc4 7. Qc2 a6 8. a4
Bd7 9. Qxc4 Bc6 10. Bg5 Bd5 11. Qc2 Be4 12. Qd1 c5 13. dxc5 Bxc5 14. Nbd2 Bc6
15. Ne5 Bxg2 16. Kxg2 Nbd7 17. Ndf3 Be7 18. Rc1 Nxe5 19. Qxd8 Rfxd8 20. Nxe5
Rd5 21. Bxf6 Bxf6 22. Nd3 b5 23. a5 b4 24. Rc4 Rxa5 25. Rxb4 Rd5 26. Rc1 Rd7
27. Rcc4 h6 28. f4 a5 29. Rb5 a4 30. Kf3 Rda7 31. Rcb4 Be7 32. Rb8+ Rxb8 33.
Rxb8+ Kh7 34. Rb5 g6 35. g4 Kg7 36. h3 a3 37. bxa3 Rxa3 38. Rb7 Bf6 39. Rd7 Kf8
40. Rd6 Be7 41. Rb6 Kg7 42. Rb7 Bf6 43. Rd7 Kf8 44. Rd6 1/2-1/2

[Event "European Team Championship 2015"]
[Site "Reykjavik ISL"]
[Date "2015.11.21"]
[Round "8"]
[White "Vachier-Lagrave, Maxime"]
[Black "Jobava, Baadur"]
[Result "1/2-1/2"]
[WhiteElo "2765"]
[BlackElo "2668"]
[PlyCount "41"]
[EventDate "2015.11.13"]
[WhiteTeam "France"]
[BlackTeam "Georgia"]

1. e4 c6 2. Nf3 d5 3. Nc3 Bg4 4. h3 Bxf3 5. Qxf3 e6 6. d4 dxe4 7. Qxe4 Nf6 8.
Qh4 Nbd7 9. Bd3 Qc7 10. Qf4 Bd6 11. Qf3 O-O-O 12. Be3 a6 13. O-O-O c5 14. dxc5
Nxc5 15. Bxc5 Bxc5 16. Bxa6 bxa6 17. Qa8+ Qb8 18. Qc6+ Qc7 19. Qa8+ Qb8 20.
Qc6+ Qc7 21. Qa8+ 1/2-1/2

[Event "European Team Championship 2015"]
[Site "Reykjavik ISL"]
[Date "2015.11.21"]
[Round "8"]
[White "Mchedlishvili, Mikheil"]
[Black "Fressinet, Laurent"]
[Result "1/2-1/2"]
[WhiteElo "2618"]
[BlackElo "2712"]
[PlyCount "87"]
[EventDate "2015.11.13"]
[WhiteTeam "Georgia"]
[BlackTeam "France"]

1. d4 Nf6 2. c4 e6 3. Nf3 d5 4. g3 Bb4+ 5. Bd2 Bd6 6. Nc3 Nc6 7. Bg5 dxc4 8. e4
e5 9. dxe5 Nxe5 10. Nxe5 Bxe5 11. Qxd8+ Kxd8 12. Bxc4 Be6 13. O-O-O+ Ke8 14.
Bxe6 fxe6 15. f3 h6 16. Bd2 Kf7 17. Ne2 Rhd8 18. Kc2 Nd7 19. f4 Bd6 20. e5 Be7
21. g4 Nb6 22. Rhf1 Nd5 23. f5 exf5 24. Nd4 f4 25. Bxf4 Kg8 26. Nf5 Bf8 27.
Rde1 Re8 28. e6 a5 29. Kb1 Nxf4 30. Rxf4 g6 31. e7 gxf5 32. exf8=Q+ Rxf8 33.
Re7 Rf7 34. Rxf7 Kxf7 35. Rxf5+ Kg6 36. h4 b6 37. h5+ Kg7 38. g5 hxg5 39. Rxg5+
Kh6 40. Re5 Rf8 41. Kc2 Rf2+ 42. Kc3 Rf3+ 43. Kc4 Rf4+ 44. Kc3 1/2-1/2

[Event "European Team Championship 2015"]
[Site "Reykjavik ISL"]
[Date "2015.11.21"]
[Round "8"]
[White "Mamedyarov, Shakhriyar"]
[Black "Leko, Peter"]
[Result "1/2-1/2"]
[WhiteElo "2743"]
[BlackElo "2708"]
[PlyCount "110"]
[EventDate "2015.11.13"]
[WhiteTeam "Azerbaijan"]
[BlackTeam "Hungrary"]

1. d4 Nf6 2. c4 e6 3. Nf3 b6 4. a3 Bb7 5. Nc3 d5 6. Bg5 Be7 7. e3 O-O 8. Qc2 c5
9. dxc5 bxc5 10. Rd1 h6 11. cxd5 exd5 12. Bh4 Nbd7 13. Bb5 Nb6 14. Bxf6 Bxf6
15. Ne4 Rc8 16. Nxc5 Bxb2 17. Qxb2 Rxc5 18. O-O Bc6 19. Bd3 Bd7 20. Rc1 Qc7 21.
Rxc5 Qxc5 22. Rc1 Qd6 23. Qb4 Qxb4 24. axb4 Rc8 25. Rxc8+ Nxc8 26. Kf1 Kf8 27.
Ke1 Ke7 28. Kd2 Kd6 29. Kc3 Ne7 30. Nd4 Nc6 31. Nb3 Ne5 32. Be2 Bg4 33. Bf1 Bc8
34. h3 Nc6 35. Bb5 Nd8 36. Nd4 g6 37. Kb3 Kc7 38. Be8 Kb6 39. Kc3 g5 40. Ba4
Be6 41. f4 a5 42. bxa5+ Kxa5 43. Bb3 gxf4 44. exf4 f6 45. Nxe6 Nxe6 46. g3 Kb5
47. Bxd5 Ng7 48. g4 Kc5 49. Bf7 Kd6 50. Kd4 Ke7 51. Bb3 Ne8 52. Bd5 Nd6 53. h4
Nb5+ 54. Kc5 Nd6 55. h5 Ne8 1/2-1/2

[Event "European Team Championship 2015"]
[Site "Reykjavik ISL"]
[Date "2015.11.21"]
[Round "8"]
[White "Naiditsch, Arkadij"]
[Black "Almasi, Zoltan"]
[Result "0-1"]
[WhiteElo "2689"]
[BlackElo "2689"]
[PlyCount "106"]
[EventDate "2015.11.13"]
[WhiteTeam "Azerbaijan"]
[BlackTeam "Hungrary"]

1. d4 Nf6 2. c4 e6 3. Nc3 Bb4 4. Nf3 b6 5. e3 Ne4 6. Qc2 Bb7 7. Be2 O-O 8. O-O
Bxc3 9. bxc3 f5 10. Ne1 c5 11. f3 Nd6 12. Ba3 Qc7 13. Rd1 Ba6 14. Qa4 Qc6 15.
Qb3 Nb7 16. d5 Qc7 17. e4 Na5 18. Qc2 Bxc4 19. Bc1 Bxe2 20. Qxe2 fxe4 21. fxe4
Rxf1+ 22. Qxf1 d6 23. Nf3 Nd7 24. dxe6 Nf8 25. Ng5 h6 26. Qf7+ Qxf7 27. exf7+
Kh8 28. Nf3 Nc4 29. Bf4 Ne6 30. Bxd6 Rd8 31. e5 Rd7 32. Nh4 Rxf7 33. Re1 Kh7
34. Re4 Nd2 35. Re1 g5 36. Rd1 Ne4 37. Nf3 Nxc3 38. Rd2 b5 39. Bb8 Rb7 40. Rd6
Nf4 41. Rd8 Nxa2 42. Bd6 b4 43. g3 Ne6 44. Re8 b3 45. Rxe6 b2 46. Nd2 c4 47.
Kg2 c3 48. Ne4 b1=Q 49. Nf6+ Kg6 50. Nd7+ Kf5 51. Rf6+ Ke4 52. e6 Rb2+ 53. Kh3
g4+ 0-1

[Event "European Team Championship 2015"]
[Site "Reykjavik ISL"]
[Date "2015.11.21"]
[Round "8"]
[White "Giri, Anish"]
[Black "Shirov, Alexei"]
[Result "1-0"]
[WhiteElo "2778"]
[BlackElo "2689"]
[PlyCount "61"]
[EventDate "2015.11.13"]
[WhiteTeam "Netherlands"]
[BlackTeam "Latvia"]

1. e4 c5 2. Nf3 Nc6 3. Bb5 g6 4. Bxc6 dxc6 5. d3 Bg4 6. Nbd2 Bg7 7. h3 Bxf3 8.
Nxf3 Nf6 9. e5 Nd5 10. O-O Nc7 11. Be3 Ne6 12. Re1 Qc7 13. Bd2 Rd8 14. Re4 Nd4
15. Bc3 Nb5 16. Qd2 O-O 17. Rae1 Nxc3 18. Qxc3 Rd5 19. b3 b5 20. Qd2 Qb6 21.
Qe3 Qa5 22. c4 bxc4 23. dxc4 Rdd8 24. Qe2 e6 25. h4 Rd7 26. h5 Rfd8 27. hxg6
hxg6 28. g3 Qc3 29. Kg2 a5 30. Re3 Rd3 31. Rd1 1-0

[Event "European Team Championship 2015"]
[Site "Reykjavik ISL"]
[Date "2015.11.21"]
[Round "8"]
[White "Nisipeanu, Liviu-Dieter"]
[Black "Carlsen, Magnus"]
[Result "1/2-1/2"]
[WhiteElo "2683"]
[BlackElo "2850"]
[PlyCount "87"]
[EventDate "2015.11.13"]
[WhiteTeam "Germany"]
[BlackTeam "Norway"]

1. e4 e5 2. Nf3 Nc6 3. Bb5 a6 4. Bxc6 dxc6 5. O-O Bd6 6. d4 exd4 7. Qxd4 f6 8.
Nbd2 Be6 9. b3 Qe7 10. Nc4 Bc5 11. Qd3 Qd7 12. Qxd7+ Bxd7 13. Be3 Be7 14. Nd4
O-O-O 15. Rad1 Re8 16. f3 Bf8 17. Bf2 Nh6 18. Ne3 Nf7 19. Ne2 g6 20. Nf4 Bg7
21. a4 Re7 22. Nd3 Kb8 23. Nc4 Bc8 24. a5 Rhe8 25. Nc5 f5 26. Bd4 Bxd4+ 27.
Rxd4 Ka7 28. exf5 Bxf5 29. Ne4 c5 30. Rd2 Bxe4 31. fxe4 Nd8 32. e5 Nc6 33. Rd5
Nxe5 34. Rxc5 Nc6 35. Rd5 b5 36. axb6+ cxb6 37. Rd6 Kb7 38. Rff6 Rc8 39. Rd2
Rcc7 40. Nd6+ Ka7 41. Rf8 Red7 42. Nc8+ Kb7 43. Nd6+ Ka7 44. Nc8+ 1/2-1/2

[Event "European Team Championship 2015"]
[Site "Reykjavik ISL"]
[Date "2015.11.21"]
[Round "8"]
[White "Ivanchuk, Vassily"]
[Black "Duda, Jan-Krzysztof"]
[Result "1/2-1/2"]
[WhiteElo "2720"]
[BlackElo "2658"]
[PlyCount "98"]
[EventDate "2015.11.13"]
[WhiteTeam "Ukraine"]
[BlackTeam "Poland"]

1. d4 Nf6 2. c4 e6 3. Nf3 b6 4. g3 Ba6 5. b3 Bb4+ 6. Bd2 Be7 7. Bg2 c6 8. Bc3
d5 9. Nbd2 O-O 10. Ne5 Bb7 11. O-O Nbd7 12. e4 Nxe4 13. Nxe4 Nxe5 14. dxe5 dxe4
15. Bxe4 Qc7 16. Qf3 Rab8 17. Rfd1 c5 18. Rd3 Bxe4 19. Qxe4 Rfd8 20. Rad1 Rxd3
21. Rxd3 Qb7 22. Qxb7 Rxb7 23. f4 h5 24. Kf2 Kf8 25. h3 Ke8 26. Ke2 Rd7 27.
Rxd7 Kxd7 28. g4 hxg4 29. hxg4 g6 30. Kf3 Kc6 31. Ke4 a6 32. Be1 Bd8 33. Kf3
Kd7 34. Bc3 Bh4 35. Bd2 Kc6 36. Be3 Be1 37. Bf2 Bd2 38. Bh4 Kd7 39. Ke4 Bc1 40.
Bf6 Bd2 41. Bh4 Bc1 42. f5 gxf5+ 43. gxf5 Bb2 44. Bg5 Bc3 45. Bh6 f6 46. exf6
Bxf6 47. Bf4 exf5+ 48. Kxf5 Bd8 49. Ke4 Kc6 1/2-1/2

[Event "European Team Championship 2015"]
[Site "Reykjavik ISL"]
[Date "2015.11.21"]
[Round "8"]
[White "Gajewski, Grzegorz"]
[Black "Eljanov, Pavel"]
[Result "0-1"]
[WhiteElo "2647"]
[BlackElo "2753"]
[PlyCount "90"]
[EventDate "2015.11.13"]
[WhiteTeam "Poland"]
[BlackTeam "Ukraine"]

1. c4 c6 2. Nf3 d5 3. e3 Nf6 4. Nc3 a6 5. Qc2 e6 6. b3 c5 7. Bb2 d4 8. Ne4 Nc6
9. Nxf6+ Qxf6 10. exd4 cxd4 11. Bd3 Bd6 12. O-O h6 13. Be4 e5 14. Bxc6+ bxc6
15. Qe4 O-O 16. Qxc6 Bg4 17. Rfe1 Rac8 18. Qe4 Bf5 19. Qe2 Rfe8 20. d3 Bb4 21.
Red1 a5 22. a3 Bc5 23. Re1 Bg4 24. Rab1 Rb8 25. Bc1 Qd6 26. h3 Bh5 27. g4 Bg6
28. Nh4 e4 29. Nxg6 fxg6 30. Bd2 e3 31. Bxa5 exf2+ 32. Qxf2 Re3 33. Rxe3 dxe3
34. Qh2 e2+ 35. Kh1 Qxd3 36. Qxb8+ Kh7 37. Rg1 Bd6 38. Qxd6 Qxd6 39. Bb4 Qd3
40. Kg2 Qxb3 41. c5 h5 42. gxh5 gxh5 43. Kh2 Qc2 44. Rg2 Qe4 45. Be1 Qf4+ 0-1

[Event "European Team Championship 2015"]
[Site "Reykjavik ISL"]
[Date "2015.11.21"]
[Round "8"]
[White "Korobov, Anton"]
[Black "Bartel, Mateusz"]
[Result "1/2-1/2"]
[WhiteElo "2709"]
[BlackElo "2624"]
[PlyCount "93"]
[EventDate "2015.11.13"]
[WhiteTeam "Ukraine"]
[BlackTeam "Poland"]

1. d4 d5 2. c4 c6 3. Nf3 Nf6 4. Nc3 dxc4 5. a4 Bf5 6. e3 e6 7. Bxc4 Bb4 8. O-O
Nbd7 9. Nh4 Bg6 10. Nxg6 hxg6 11. h3 O-O 12. Qb3 Qe7 13. a5 b5 14. axb6 Nxb6
15. Be2 c5 16. Bf3 Rab8 17. Na2 a5 18. Nxb4 axb4 19. Bd2 Rfd8 20. Rfc1 Nbd7 21.
Ra7 Qd6 22. Rc4 Nd5 23. Qc2 cxd4 24. exd4 N7b6 25. Rc6 Qf8 26. g3 Rdc8 27. Rc5
Ra8 28. Rxa8 Rxa8 29. Kg2 Qe8 30. b3 Qd7 31. h4 Qa7 32. h5 gxh5 33. Bxh5 Nd7
34. Rc4 N7f6 35. Bf3 Qb6 36. Qc1 Rd8 37. Qe1 Qa7 38. Bg5 Qd7 39. Rc5 Rb8 40.
Qe5 Rc8 41. Bd2 Nc3 42. Qe1 Nfd5 43. Qa1 Qd8 44. Qa6 Ra8 45. Qc4 Rb8 46. Rc6
Qe8 47. Rc5 1/2-1/2

[Event "European Team Championship 2015"]
[Site "Reykjavik ISL"]
[Date "2015.11.21"]
[Round "8"]
[White "Solak, Dragan"]
[Black "Adams, Michael"]
[Result "1-0"]
[WhiteElo "2628"]
[BlackElo "2744"]
[PlyCount "95"]
[EventDate "2015.11.13"]
[WhiteTeam "Turkey"]
[BlackTeam "England"]

1. e4 e5 2. Nf3 Nc6 3. Bb5 a6 4. Bxc6 dxc6 5. O-O Bg4 6. h3 h5 7. d3 Qf6 8.
Nbd2 Ne7 9. Re1 Ng6 10. d4 Nf4 11. dxe5 Qg6 12. Nh4 Bxd1 13. Nxg6 Nxg6 14. Rxd1
O-O-O 15. e6 fxe6 16. Re1 Ne5 17. Nb3 Be7 18. Bd2 g5 19. Bc3 Bd6 20. Rad1 g4
21. Nc1 gxh3 22. Nd3 Nxd3 23. Rxd3 Rhf8 24. Rxh3 Bc5 25. Rf3 Rxf3 26. gxf3 Rg8+
27. Kf1 h4 28. Bf6 h3 29. Ke2 Rg6 30. Bh4 Bd6 31. Rh1 b5 32. Ke3 Rh6 33. Bg5
Rh5 34. f4 e5 35. Kf3 exf4 36. Kg4 Rh8 37. Rxh3 Rg8 38. Kf5 c5 39. Bf6 c4 40.
Rh8 Rxh8 41. Bxh8 Bc5 42. f3 Be3 43. Ke6 Bc1 44. Kf7 a5 45. Bg7 a4 46. e5 Bxb2
47. e6 Ba3 48. Bf8 1-0

[Event "European Team Championship 2015"]
[Site "Reykjavik ISL"]
[Date "2015.11.21"]
[Round "8"]
[White "Navara, David"]
[Black "Pelletier, Yannick"]
[Result "1-0"]
[WhiteElo "2730"]
[BlackElo "2566"]
[PlyCount "65"]
[EventDate "2015.11.13"]
[WhiteTeam "Czech Republic"]
[BlackTeam "Switzerland"]

1. e4 c5 2. Nf3 e6 3. d4 cxd4 4. Nxd4 a6 5. Be2 Nf6 6. Nc3 d6 7. O-O Be7 8. f4
O-O 9. Kh1 Nc6 10. Nxc6 bxc6 11. e5 dxe5 12. fxe5 Nd7 13. Bf4 Qa5 14. Qd4 Rb8
15. b3 f5 16. Na4 Rd8 17. Qe3 Rb4 18. Bf3 h6 19. Qe1 Qc7 20. c4 a5 21. Rd1 g5
22. Bd2 Nxe5 23. Qg3 Bf6 24. Rfe1 Rxd2 25. Rxd2 f4 26. Qh3 Nxc4 27. bxc4 Rxa4
28. Bg4 Rxc4 29. Bxe6+ Bxe6 30. Qxe6+ Qf7 31. Qc8+ Qf8 32. Qf5 Qe7 33. Rdd1 1-0

[Event "European Team Championship 2015"]
[Site "Reykjavik ISL"]
[Date "2015.11.13"]
[Round "1"]
[White "Steingrimsson, Hedinn"]
[Black "Sargissian, Gabriel"]
[Result "0-1"]
[WhiteElo "2566"]
[BlackElo "2689"]
[PlyCount "152"]
[EventDate "2015.11.13"]
[WhiteTeam "Iceland"]
[BlackTeam "Armenia"]

1. e4 e5 2. Nf3 Nc6 3. Bb5 a6 4. Ba4 Nf6 5. O-O Be7 6. Re1 b5 7. Bb3 O-O 8. c3
d6 9. h3 Nb8 10. d4 Nbd7 11. Nbd2 Bb7 12. Bc2 Re8 13. Nf1 Bf8 14. Ng3 g6 15. a4
c5 16. d5 c4 17. Bg5 h6 18. Be3 Nc5 19. Qd2 h5 20. Ra3 Nfd7 21. Rea1 Be7 22.
Ng5 Bf6 23. h4 Kg7 24. Qe2 Qe7 25. b4 cxb3 26. Bxb3 Nxb3 27. Rxb3 Nc5 28. Bxc5
dxc5 29. Qd2 bxa4 30. Rxa4 Reb8 31. Nf1 Bc8 32. Rxb8 Rxb8 33. Ra1 Rb3 34. Ne3
Qb7 35. Qc1 Qb5 36. c4 Qb4 37. d6 Bb7 38. d7 Rb2 39. Nd5 Bxd5 40. exd5 Bd8 41.
Qe3 Qb8 42. Qxc5 Rb1+ 43. Rxb1 Qxb1+ 44. Kh2 Qf5 45. d6 f6 46. Nf3 Qf4+ 47. Kh1
e4 48. Ng1 e3 49. Qxe3 Qxe3 50. fxe3 Kf7 51. c5 Ke6 52. Ne2 Kxd7 53. Kg1 f5 54.
Kf1 Bxh4 55. Nf4 a5 56. Ke2 Kc6 57. Nxg6 Bf6 58. Ne7+ Kxc5 59. Nxf5 a4 60. d7
a3 61. Nd4 a2 62. Nc2 Kd6 63. Kd3 Kxd7 64. Kc4 Ke6 65. Kb3 a1=Q 66. Nxa1 Bxa1
67. Kc2 Kf5 68. Kd3 Kg4 69. Ke2 Kg3 70. Kf1 Kh2 71. Kf2 Be5 72. Kf3 Bg3 73. e4
h4 74. e5 Bxe5 75. Kf2 Bg3+ 76. Kf1 Kh1 0-1

[Event "European Team Championship 2015"]
[Site "Reykjavik ISL"]
[Date "2015.11.15"]
[Round "3"]
[White "Sargissian, Gabriel"]
[Black "Hammer, Jon Ludvig"]
[Result "1/2-1/2"]
[WhiteElo "2689"]
[BlackElo "2682"]
[PlyCount "84"]
[EventDate "2015.11.13"]
[WhiteTeam "Armenia"]
[BlackTeam "Norway"]

1. Nf3 d5 2. d4 Nf6 3. c4 e6 4. Nc3 Bb4 5. cxd5 exd5 6. Bg5 h6 7. Bh4 c5 8.
dxc5 Nbd7 9. Qd4 Qa5 10. a3 Bxc3+ 11. bxc3 O-O 12. e3 Ne4 13. Qb4 Qc7 14. c4 a5
15. Qb2 Ndxc5 16. cxd5 a4 17. Qb4 Nb3 18. Rd1 Qc2 19. Bd3 Qc3+ 20. Qxc3 Nxc3
21. Be7 Nxd1 22. Kxd1 Re8 23. d6 Nc5 24. Ke2 Nxd3 25. Kxd3 b5 26. Rb1 Rb8 27.
Rb4 f6 28. e4 Kf7 29. e5 Bb7 30. exf6 Bxf3 31. d7 Rxe7 32. fxe7 Kxe7 33. gxf3
Kxd7 34. Rg4 g5 35. h4 Rf8 36. hxg5 hxg5 37. Rxg5 Rxf3+ 38. Kd4 Kc6 39. Rg6+
Kb7 40. Kc5 Rxa3 41. Kxb5 Rf3 42. Kxa4 Rxf2 1/2-1/2